000 00499nam a2200193Ia 4500
008 240510s9999 xx 000 0 und d
020 _a0003790814385
041 _aEng
082 _a006.32
082 _bR87
100 _aRutkowska, D.:
245 0 _aNeuro-Fuzzy Architectures and Hybrid Learning : Studies in Fuzziness and Soft Computing
260 _bSpringer: Tokyo
260 _c2002
300 _a288 p.
650 _aNeural Networks : Fuzzy Logic:
942 _2ddc
942 _cRBK
999 _c27764
_d27764
945 _a1
_bMadushi Gamage
_c1
_dMadushi Gamage